All Madden 23 Player Ratings Part 1 (1-500) - Statistics

General Stats
  • This quiz has been taken 467 times
  • The average score is 76 of 500
Answer Stats
Rank Overall Team Position Answer % Correct
1 99 Rams RE Aaron Donald
96%
2 99 Raiders WR Davante Adams
95%
5 98 Rams WR Cooper Kupp
93%
3 99 Browns RE Myles Garrett
92%
69 90 Seahawks SS Jamal Adams
91%
7 98 Chiefs TE Travis Kelce
91%
6 98 Rams CB Jalen Ramsey
89%
4 99 49ers LT Trent Williams
85%
19 95 Chiefs QB Patrick Mahomes
83%
12 97 Dolphins WR Tyreek Hill
83%
13 96 Packers QB Aaron Rodgers
82%
9 97 Titans RB Derrick Henry
82%
10 97 49ers TE George Kittle
82%
147 86 Chargers WR Mike Williams
82%
11 97 Bucs QB Tom Brady
82%
21 95 Bills WR Stefon Diggs
78%
15 96 Cardinals WR DeAndre Hopkins
77%
16 96 Browns RB Nick Chubb
77%
17 96 Steelers OLB TJ Watt
77%
18 95 Colts RB Jonathan Taylor
76%
192 84 Cowboys CB Trevon Diggs
76%
124 87 Cardinals LE JJ Watt
75%
14 96 Panthers RB Christian McCaffrey
73%
23 94 Vikings RB Dalvin Cook
72%
202 83 Eagles WR DeVonta Smith
70%
331 80 Chiefs WR JuJu Smith-Schuster
70%
25 94 49ers MLB Fred Warner
65%
27 94 49ers RE Nick Bosa
65%
54 91 Chargers OLB Joey Bosa
64%
20 95 Colts LG Quenton Nelson
64%
485 77 Lions RB Jamaal Williams
63%
42 92 Bills QB Josh Allen
57%
163 85 Jaguars OLB Josh Allen
57%
56 91 Chargers WR Keenan Allen
55%
64 90 Raiders OLB Chandler Jones
54%
33 93 Vikings WR Justin Jefferson
54%
83 89 Packers RB Aaron Jones
53%
51 91 Chiefs DT Chris Jones
53%
32 93 Bengals RB Joe Mixon
50%
432 78 Patriots QB Mac Jones
50%
255 82 Jaguars WR Marvin Jones
50%
34 93 Ravens TE Mark Andrews
49%
36 93 Bills CB Tre'Davious White
47%
49 91 Rams MLB Bobby Wagner
45%
70 90 Eagles C Jason Kelce
43%
46 92 Bucs MLB Lavonte David
43%
47 92 Bucs WR Mike Evans
43%
30 93 Saints MLB Demario Davis
42%
8 98 Cowboys RG Zack Martin
42%
26 94 Packers CB Jaire Alexander
41%
63 90 Browns WR Amari Cooper
39%
132 87 Ravens QB Lamar Jackson
39%
113 87 Eagles WR AJ Brown
37%
50 91 Saints LE Cameron Jordan
37%
31 93 Chargers SS Derwin James
37%
73 90 Bengals QB Joe Burrow
37%
62 90 Saints RB Alvin Kamara
36%
76 90 Ravens K Justin Tucker
36%
38 92 Cardinals SS Budda Baker
35%
86 89 Cowboys QB Dak Prescott
35%
53 91 Raiders TE Darren Waller
35%
87 89 49ers WR Deebo Samuel
35%
29 93 Steelers RE Cameron Heyward
34%
85 89 Seahawks WR DK Metcalf
34%
48 92 Bills OLB Von Miller
34%
39 92 Eagles CB Darius Slay
33%
125 87 Bengals WR Ja'Marr Chase
33%
44 92 Chargers OLB Khalil Mack
33%
234 82 Patriots RB Damien Harris
32%
245 82 Broncos RB Javonte Williams
32%
110 88 Cowboys OLB Micah Parsons
32%
166 85 Steelers RB Najee Harris
32%
37 93 Bucs DT Vita Vea
32%
78 90 Saints WR Michael Thomas
31%
136 87 Broncos QB Russell Wilson
31%
28 94 Saints SS Tyrann Mathieu
31%
22 95 Cowboys LT Tyron Smith
31%
98 88 Vikings WR Adam Thielen
30%
84 89 Bucs WR Chris Godwin
30%
24 94 Packers LT David Bakhtiari
30%
40 92 Browns CB Denzel Ward
29%
101 88 Panthers WR DJ Moore
29%
45 92 Eagles RT Lane Johnson
29%
297 81 Colts QB Matt Ryan
29%
59 91 Colts CB Stephon Gilmore
29%
60 91 Commanders WR Terry McLaurin
29%
108 88 Chargers QB Justin Herbert
28%
143 86 Browns RB Kareem Hunt
28%
398 78 Lions WR Amon-Ra St. Brown
27%
104 88 Cowboys RB Ezekiel Elliott
27%
55 91 Broncos FS Justin Simmons
27%
141 86 Commanders LE Chase Young
26%
65 90 Colts MLB Darius Leonard
26%
180 84 Dolphins WR Jaylen Waddle
26%
43 92 Titans FS Kevin Byard
26%
35 93 Dolphins LT Terron Armstead
26%
95 89 Lions TE TJ Hockenson
26%
153 85 Cowboys WR CeeDee Lamb
25%
66 90 Colts DT DeForest Buckner
25%
68 90 Vikings SS Harrison Smith
25%
127 87 Raiders RB Josh Jacobs
25%
57 91 Saints CB Marshon Lattimore
25%
81 90 Seahawks WR Tyler Lockett
25%
75 90 Bills SS Jordan Poyer
24%
58 91 Bills FS Micah Hyde
24%
90 89 Steelers FS Minkah Fitzpatrick
24%
97 89 Dolphins CB Xavien Howard
24%
100 88 Chargers RB Austin Ekeler
23%
115 87 Texans WR Brandin Cooks
23%
72 90 Bengals FS Jessie Bates
23%
41 92 Commanders DT Jonathan Allen
23%
61 91 Bucs LT Tristan Wirfs
23%
67 90 Cowboys LE DeMarcus Lawrence
22%
77 90 Ravens CB Marlon Humphrey
22%
165 85 Rams QB Matthew Stafford
22%
150 86 Giants RB Saquon Barkley
22%
177 84 Patriots TE Hunter Henry
21%
71 90 Chargers CB JC Jackson
21%
82 89 Falcons CB AJ Terrell
20%
102 88 Vikings DE Danielle Hunter
20%
74 90 Browns LG Joel Bitonio
20%
52 91 Chargers C Corey Linsley
19%
105 88 Eagles DT Fletcher Cox
19%
183 84 Cardinals QB Kyler Murray
19%
140 86 Falcons WR Calvin Ridley
18%
175 84 Browns QB Deshaun Watson
18%
103 88 Vikings MLB Eric Kendricks
18%
145 86 Ravens CB Marcus Peters
18%
93 89 Bears MLB Roquan Smith
18%
80 90 Bucs C Ryan Jensen
18%
89 89 Packers DT Kenny Clark
17%
130 87 Falcons TE Kyle Pitts
17%
109 88 Texans LT Laremy Tunsil
17%
133 87 Bucs RB Leonard Fournette
17%
79 90 Ravens LT Ronnie Stanley
17%
99 88 Packers SS Adrian Amos
16%
466 77 Panthers QB Baker Mayfield
16%
332 80 Vikings QB Kirk Cousins
16%
134 87 Patriots OLB Matthew Judon
16%
91 89 Packers OLB Rashan Gary
16%
149 86 Titans WR Robert Woods
16%
139 86 Panthers LE Brian Burns
15%
172 84 Broncos WR Courtland Sutton
15%
142 86 Chiefs C Creed Humphrey
15%
122 87 Patriots FS Devin McCourty
15%
121 87 Packers MLB DeVondre Campbell
15%
123 87 Lions C Frank Ragnow
15%
107 88 Chiefs LG Joe Thuney
15%
258 82 Eagles RB Miles Sanders
15%
96 89 Browns RG Wyatt Teller
15%
201 83 Raiders QB Derek Carr
14%
158 85 Bucs MLB Devin White
14%
248 82 Broncos WR Jerry Jeudy
14%
88 89 Commanders CB Kendall Fuller
14%
333 80 Ravens CB Kyle Fuller
14%
135 87 Raiders OLB Maxx Crosby
14%
146 86 Dolphins TE Mike Gesicki
14%
148 86 Jets DT Quinnen Williams
14%
94 89 Saints RT Ryan Ramczyk
14%
220 83 Bengals WR Tee Higgins
14%
151 86 Vikings OLB Za'Darius Smith
14%
305 80 Cardinals WR AJ Green
13%
225 82 Rams WR Allen Robinson
13%
114 87 Bucs FS Antoine Winfield
13%
274 81 49ers WR Brandon Aiyuk
13%
117 87 Dolphins CB Byron Jones
13%
118 87 Ravens RE Calais Campbell
13%
156 85 Eagles TE Dallas Goedert
13%
159 85 Steelers WR Diontae Johnson
13%
162 85 Raiders WR Hunter Renfrow
13%
326 80 Patriots WR Jakobi Meyers
13%
106 88 Titans RE Jeffery Simmons
13%
216 83 Broncos CB Patrick Surtain
13%
218 83 Titans QB Ryan Tannehill
13%
303 81 Cowboys RB Tony Pollard
13%
155 85 Falcons RB Cordarrelle Patterson
12%
174 84 Bears RB David Montgomery
12%
238 82 Patriots WR DeVante Parker
12%
129 87 49ers FB Kyle Juszczyk
12%
92 89 Cardinals C Rodney Hudson
12%
452 78 Jets CB Sauce Gardner
12%
168 85 Bengals RE Trey Hendrickson
12%
193 84 Bengals WR Tyler Boyd
12%
194 84 Cardinals TE Zach Ertz
12%
116 87 Jaguars RG Brandon Scherff
11%
197 83 Rams RB Cam Akers
11%
314 80 Lions RB D'Andre Swift
11%
120 87 Commanders DT Da'Ron Payne
11%
161 85 Falcons RE Grady Jarrett
11%
176 84 Chiefs K Harrison Butker
11%
126 87 49ers SS Jimmie Ward
11%
284 81 Ravens RB JK Dobbins
11%
128 87 Colts CB Kenny Moore
11%
144 86 Ravens FS Marcus Williams
11%
213 83 Broncos RB Melvin Gordon
11%
112 88 Bucs OLB Shaquil Barrett
11%
138 86 49ers LE Arik Armstead
10%
119 87 Falcons CB Casey Heyward
10%
275 81 Jaguars WR Christian Kirk
10%
208 83 Saints WR Jarvis Landry
10%
487 77 49ers QB Jimmy Garoppolo
10%
296 81 Bills OLB Matt Milano
10%
214 83 Cowboys WR Michael Gallup
10%
338 80 Chiefs LT Orlando Brown
10%
221 83 Rams TE Tyler Higbee
10%
199 83 Seahawks RB Chris Carson
9%
200 83 Bills TE Dawson Knox
9%
206 83 Bengals K Evan McPherson
9%
244 82 Eagles CB James Bradberry
9%
286 81 Cardinals RB James Conner
9%
178 84 Jaguars RB James Robinson
9%
181 84 Eagles LT Jordan Mailata
9%
184 84 Cardinals WR Marquise Brown
9%
111 88 Ravens DT Michael Pierce
9%
215 83 Colts WR Michael Pittman
9%
262 82 Panthers WR Robby Anderson
9%
190 84 Bills MLB Tremaine Edmunds
9%
306 80 Packers RB AJ Dillon
8%
402 78 Broncos OLB Bradley Chubb
8%
154 85 Bengals CB Chidobe Awuzie
8%
233 82 Cowboys TE Dalton Schultz
8%
157 85 Patriots C David Andrews
8%
317 80 Browns TE David Njoku
8%
281 81 Jaguars TE Evan Engram
8%
282 81 Giants K Graham Gano
8%
242 82 Browns LE Jadeveon Clowney
8%
497 77 Seahawks RB Kenneth Walker
8%
131 87 Bengals RT La'el Collins
8%
444 78 Vikings CB Patrick Peterson
8%
445 78 Dolphins RB Raheem Mostert
8%
270 82 Falcons K Younghoe Koo
8%
169 84 Raiders P AJ Cole
7%
308 80 Commanders RB Antonio Gibson
7%
404 78 Steelers WR Chase Claypool
7%
232 82 Steelers K Chris Boswell
7%
230 82 Jets MLB CJ Mosley
7%
276 81 Raiders K Daniel Carlson
7%
278 81 Bills RB Devin Singletary
7%
367 79 Giants LE Dexter Lawrence
7%
315 80 Jets CB DJ Reed
7%
204 83 Bears FS Eddie Jackson
7%
179 84 Eagles DT Javon Hargrave
7%
209 83 Dolphins FS Jevon Holland
7%
251 82 Seahawks MLB Jordyn Brooks
7%
252 82 Chiefs SS Justin Reid
7%
292 81 Giants WR Kenny Golladay
7%
253 82 Patriots SS Kyle Dugger
7%
334 80 Cowboys MLB Leighton Vander Esch
7%
337 80 Commanders RE Montez Sweat
7%
339 80 Lions RT Penei Sewell
7%
186 84 Seahawks FS Quandre Diggs
7%
447 78 Seahawks RB Rashaad Penny
7%
187 84 Chargers LT Rashawn Slater
7%
342 80 Packers TE Robert Tonyan
7%
137 87 Bucs RG Shaq Mason
7%
264 82 Giants WR Sterling Shepard
7%
462 77 Packers WR Allen Lazard
6%
152 85 Colts RT Braden Smith
6%
231 82 Bucs CB Carlton Davis
6%
311 80 49ers CB Charvarius Ward
6%
171 84 Falcons RG Chris Lindstrom
6%
362 79 Bears WR Darnell Mooney
6%
203 83 Bills LT Dion Dawkins
6%
173 84 Bengals DT DJ Reader
6%
280 81 Bills DT Ed Oliver
6%
160 85 Packers RT Elgton Jenkins
6%
318 80 49ers RB Elijah Mitchell
6%
322 80 Bills WR Gabriel Davis
6%
419 78 Ravens RB Gus Edwards
6%
207 83 Titans OLB Harold Landry
6%
489 77 Patriots TE Jonnu Smith
6%
379 79 Giants WR Kadarius Toney
6%
291 81 Patriots WR Kendrick Bourne
6%
164 85 Ravens RG Kevin Zeitler
6%
210 83 Giants RE Leonard Williams
6%
211 83 Bengals OLB Logan Wilson
6%
434 78 Packers TE Marcedes Lewis
6%
212 83 Saints FS Marcus Maye
6%
257 82 Bengals CB Mike Hilton
6%
260 82 Seahawks TE Noah Fant
6%
299 81 Ravens FB Patrick Ricard
6%
261 82 Packers OLB Preston Smith
6%
341 80 49ers K Robbie Gould
6%
167 85 Rams RT Rob Havenstein
6%
263 82 Colts C Ryan Kelly
6%
191 84 Patriots RT Trent Brown
6%
268 82 Bengals SS Vonn Bell
6%
223 82 Giants CB Adoree Jackson
5%
309 80 Eagles LE Brandon Graham
5%
196 83 Cowboys P Bryan Anger
5%
228 82 Cardinals CB Byron Murphy
5%
359 79 Chiefs RB Clyde Edwards-Helaire
5%
474 77 Giants WR Darius Slayton
5%
364 79 Rams RB Darrell Henderson
5%
236 82 Falcons MLB Deion Jones
5%
409 78 Lions WR DJ Chark
5%
324 80 Patriots FS Jabrill Peppers
5%
243 82 Bucs CB Jamel Dean
5%
428 78 Eagles DT Jordan Davis
5%
330 80 Eagles LE Josh Sweat
5%
293 81 Chiefs CB L'Jarius Sneed
5%
298 81 Patriots WR Nelson Agholor
5%
446 78 Packers WR Randall Cobb
5%
217 83 Bears RE Robert Quinn
5%
348 80 Broncos WR Tim Patrick
5%
266 82 Commanders P Tress Way
5%
460 77 Lions OLB Aidan Hutchinson
4%
271 81 Titans SS Amani Hooker
4%
198 83 Jets RE Carl Lawson
4%
358 79 Dolphins RB Chase Edmonds
4%
361 79 Jets WR Corey Davis
4%
408 78 Commanders WR Curtis Samuel
4%
363 79 Packers FS Darnell Savage
4%
277 81 Panthers DT Derrick Brown
4%
478 77 Steelers MLB Devin Bush
4%
241 82 Eagles OLB Haason Reddick
4%
420 78 Cardinals MLB Isaiah Simmons
4%
249 82 Browns FS John Johnson
4%
250 82 Panthers P Johnny Hekker
4%
289 81 Patriots CB Jonathan Jones
4%
493 77 Chiefs FS Juan Thornhill
4%
182 84 Raiders LT Kolton Miller
4%
254 82 Saints RE Marcus Davenport
4%
383 79 Rams K Matt Gay
4%
436 78 Cardinals K Matt Prater
4%
384 79 Chiefs WR Mecole Hardman
4%
185 84 Dolphins OLB Melvin Ingram
4%
259 82 Steelers MLB Myles Jack
4%
441 78 Patriots K Nick Folk
4%
389 79 Steelers TE Pat Freiermuth
4%
392 79 Cardinals WR Rondale Moore
4%
393 79 Packers WR Sammy Watkins
4%
188 84 Panthers OLB Shaq Thompson
4%
455 78 Jets TE Tyler Conklin
4%
304 81 Giants FS Xavier McKinney
4%
224 82 Patriots SS Adrian Phillips
3%
461 77 Vikings RB Alexander Mattison
3%
351 79 Titans TE Austin Hooper
3%
403 78 Broncos K Brandon McManus
3%
195 83 Vikings RT Brian O'Neill
3%
405 78 Dolphins RE Christian Wilkins
3%
357 79 Jets TE CJ Uzomah
3%
237 82 Raiders MLB Denzel Perryman
3%
477 77 Texans CB Derek Stingley
3%
415 78 49ers OLB Dre Greenlaw
3%
368 79 Jets WR Elijah Moore
3%
205 83 Dolphins LE Emmanuel Ogbah
3%
319 80 Dolphins SS Eric Rowe
3%
283 81 Browns CB Greg Newsome
3%
240 82 Colts DT Grover Stewart
3%
370 79 Patriots LT Isaiah Wynn
3%
285 81 Falcons LT Jake Matthews
3%
423 78 Lions WR Jameson Williams
3%
246 82 Bears CB Jaylon Johnson
3%
329 80 Browns LT Jedrick Wills
3%
247 82 Panthers SS Jeremy Chinn
3%
375 79 Dolphins MLB Jerome Baker
3%
378 79 Ravens OLB Justin Houston
3%
381 79 Raiders RB Kenyan Drake
3%
431 78 Commanders TE Logan Thomas
3%
439 78 Jets RT Mekhi Becton
3%
256 82 Seahawks P Michael Dickson
3%
340 80 Packers CB Rasul Douglas
3%
189 84 Jaguars CB Shaquill Griffin
3%
265 82 Bills CB Taron Johnson
3%
346 80 Lions LT Taylor Decker
3%
302 81 Titans LT Taylor Lewan
3%
219 83 Panthers RT Taylor Moton
3%
222 83 Commanders CB William Jackson
3%
170 84 Bucs RE Akiem Hicks
2%
463 77 Lions CB Amani Oruwariye
2%
226 82 Commanders LG Andrew Norwell
2%
464 77 Dolphins OLB Andrew Van Ginkel
2%
272 81 Titans C Ben Jones
2%
400 78 Giants MLB Blake Martinez
2%
227 82 Chargers CB Bryce Callahan
2%
356 79 Jets CB Bryce Hall
2%
470 77 Bears K Cairo Santos
2%
310 80 Commanders LT Charles Leno
2%
229 82 Saints SS Chauncey Gardner-Johnson
2%
406 78 Ravens SS Chuck Clark
2%
313 80 Bears LG Cody Whitehair
2%
235 82 Jaguars CB Darious Williams
2%
411 78 Patriots LE Deatrich Wise
2%
412 78 49ers LE Dee Ford
2%
366 79 Texans CB Desmond King
2%
279 81 Panthers CB Donte Jackson
2%
416 78 Packers CB Eric Stokes
2%
481 77 Giants RT Evan Neal
2%
321 80 Jaguars MLB Foyesade Oluokun
2%
239 82 Broncos LT Garett Bolles
2%
371 79 Lions P Jack Fox
2%
325 80 Patriots P Jake Bailey
2%
327 80 Bills WR Jamison Crowder
2%
287 81 49ers CB Jason Verrett
2%
486 77 Raiders MLB Jayon Brown
2%
328 80 Cowboys SS Jayron Kearse
2%
421 78 Commanders RB JD McKissic
2%
288 81 Jets LE John Franklin-Myers
2%
426 78 Bengals LT Jonah Williams
2%
380 79 Commanders SS Kamren Curl
2%
290 81 Broncos SS Kareem Jackson
2%
499 77 Colts RE Kwity Paye
2%
294 81 Jets LG Laken Tomlinson
2%
500 77 Jaguars WR Laviska Shenault
2%
335 80 Rams OLB Leonard Floyd
2%
386 79 49ers RT Mike McGlinchey
2%
385 79 Patriots LG Mike Onwenu
2%
387 79 Bills C Mitch Morse
2%
388 79 Chiefs MLB Nick Bolton
2%
442 78 Colts RB Nyheim Hines
2%
300 81 Broncos OLB Randy Gregory
2%
343 80 Raiders CB Rock Ya-Sin
2%
450 78 Bucs WR Russell Gage
2%
394 79 Bucs CB Sean Murphy-Bunting
2%
453 78 Steelers SS Terrell Edmunds
2%
267 82 Steelers DT Tyson Alualu
2%
456 78 Rams WR Van Jefferson
2%
457 78 Saints K Wil Lutz
2%
269 82 Colts DE Yannick Ngakoue
2%
350 79 Steelers CB Ahkello Witherspoon
1%
397 78 Seahawks DT Al Woods
1%
307 80 Eagles SS Anthony Harris
1%
465 77 Browns MLB Anthony Walker
1%
352 79 Eagles CB Avonte Maddox
1%
353 79 Bengals DT BJ Hill
1%
401 78 Commanders FS Bobby McCain
1%
273 81 Titans MLB Bobby Okereke
1%
354 79 Saints CB Bradley Roby
1%
355 79 Titans P Brett Kern
1%
360 79 Commanders OLB Cole Holcomb
1%
472 77 Jets C Connor McGovern
1%
410 78 Broncos LG Dalton Risner
1%
473 77 Vikings DT Dalvin Tomlinson
1%
316 80 Saints DT David Onyemata
1%
365 79 Titans LE Denico Autry
1%
413 78 Chiefs DT Derrick Nnadi
1%
414 78 Lions SS DeShon Elliott
1%
479 77 Chargers MLB Drue Tranquill
1%
369 79 Saints C Erik McCoy
1%
417 78 Chiefs RE Frank Clark
1%
372 79 Browns RT Jack Conklin
1%
422 78 Steelers RG James Daniels
1%
374 79 Eagles FS Jaquiski Tartt
1%
323 80 Patriots MLB Ja'Whaun Bentley
1%
424 78 Browns OLB Jeremiah Owusu-Koramoah
1%
376 79 Texans LE Jerry Hughes
1%
488 77 Texans RE Jonathan Greenard
1%
427 78 Rams SS Jordan Fuller
1%
491 77 Vikings MLB Jordan Hicks
1%
490 77 Jets SS Jordan Whitehead
1%
377 79 Cardinals LG Justin Pugh
1%
495 77 Bucs SS Keanu Neal
1%
429 78 Chargers OLB Kyle Van Noy
1%
382 79 Eagles OLB Kyzir White
1%
295 81 Jaguars P Logan Cooke
1%
336 80 Bucs SS Logan Ryan
1%
433 78 Patriots CB Malcolm Butler
1%
438 78 Panthers DT Matthew Ioannidis
1%
440 78 Lions CB Mike Hughes
1%
443 78 Ravens OLB Odafe Oweh
1%
390 79 Falcons MLB Rashaan Evans
1%
344 80 Bills LG Rodger Saffold
1%
301 81 Chargers LE Sebastian Joseph-Day
1%
345 80 Texans CB Steven Nelson
1%
347 80 Dolphins P Thomas Morstead
1%
395 79 Eagles MLB TJ Edwards
1%
349 80 Raiders CB Trayvon Mullen
1%
454 78 Rams CB Troy Hill
1%
459 78 Titans MLB Zach Cunningham
1%
399 78 Texans FB Andy Janovich
0%
467 77 Raiders RE Bilal Nichols
0%
468 77 Saints P Blake Gillikin
0%
469 77 Falcons WR Bryan Edwards
0%
312 80 Commanders C Chase Roullier
0%
471 77 Patriots DT Christian Barmore
0%
407 78 Browns P Corey Bojorquez
0%
476 77 Saints WR Deonte Harty
0%
480 77 Raiders SS Duron Harmon
0%
475 77 Jaguars LE Duwuane Smoot
0%
320 80 Jaguars DT Folorunso Fatukasi
0%
418 78 Seahawks LG Gabe Jackson
0%
482 77 Jets LT George Fant
0%
483 77 Rams DT Greg Gaines
0%
484 77 Browns WR Jakeem Grant
0%
373 79 Cardinals FS Jalen Thompson
0%
425 78 Raiders SS Johnathan Abram
0%
492 77 Cowboys CB Jourdan Lewis
0%
496 77 Raiders WR Keelan Cole
0%
498 77 Titans CB Kristian Fulton
0%
494 77 Broncos CB K'Waun Williams
0%
430 78 Jets FS LaMarcus Joyner
0%
435 78 Cardinals OLB Markus Golden
0%
437 78 Chargers LG Matt Feiler
0%
448 78 Chiefs CB Rashad Fenton
0%
391 79 Colts SS Rodney McLeod
0%
449 78 Broncos CB Ronald Darby
0%
451 78 Broncos P Sam Martin
0%
396 79 Raiders FS Trevon Moehrig
0%
458 78 Eagles WR Zach Pascal
0%
No matching quizzes found
Score Distribution
Percent of People with Each Score
Percentile by Number Answered
Your Score History
You have not taken this quiz